000 00533cam a22002054a 4500
005 20250605164152.0
008 250528s ||||||||||||||||||||||||d
035 _a19420
020 _a9607074122
040 _aGR-AtMCL
_bgre
_dGR-AtMCL
_eAACR2
245 1 _aSTRUCTURED & ADVANCED COBOL
250 _a1
260 _bΕλιξ,
_c1992
300 _a258
700 1 _aΙωαννιδης Νεστορας Χ
_95666
700 1 _aΜαρινακης Κωστας Ι
_95667
942 _cBK
999 _c4676
_d4676